Números del 1 al 100 por orden alfabético - Estadísticas

Estadísticas generales
  • Esta prueba ha sido intentada 35 veces
  • La puntuación promedio es 22 de 100
Estadísticas de respuestas
Respuesta % Correcto
catorce
100%
cinco
71%
cien
65%
cincuenta
59%
cuarenta
59%
cincuenta y cinco
53%
cincuenta y cuatro
53%
cincuenta y dos
53%
cincuenta y nueve
53%
cincuenta y ocho
53%
cincuenta y seis
53%
cincuenta y siete
53%
cincuenta y tres
53%
cuarenta y cinco
53%
cuarenta y cuatro
53%
cincuenta y uno
47%
cuarenta y dos
47%
cuarenta y nueve
47%
cuarenta y ocho
47%
cuarenta y seis
47%
cuarenta y siete
47%
cuarenta y tres
47%
cuarenta y uno
41%
cuatro
41%
diecinueve
29%
dieciocho
29%
dieciséis
29%
diecisiete
29%
diez
29%
doce
24%
dos
24%
noventa
18%
noventa y cinco
18%
noventa y cuatro
18%
noventa y dos
18%
noventa y nueve
18%
noventa y ocho
18%
noventa y seis
18%
noventa y siete
18%
ochenta
18%
ochenta y cinco
18%
ochenta y cuatro
18%
ochenta y dos
18%
ochenta y nueve
18%
ochenta y ocho
18%
ochenta y seis
18%
ochenta y siete
18%
ochenta y tres
18%
noventa y tres
12%
noventa y uno
12%
nueve
12%
ochenta y uno
12%
ocho
12%
once
12%
uno
12%
veinte
12%
veinticinco
12%
veinticuatro
12%
veintidós
12%
veintinueve
12%
veintiocho
12%
veintiséis
12%
veintisiete
12%
veintitrés
12%
setenta
6%
setenta y dos
6%
quince
6%
seis
6%
sesenta
6%
sesenta y cinco
6%
sesenta y cuatro
6%
sesenta y dos
6%
sesenta y nueve
6%
sesenta y ocho
6%
sesenta y seis
6%
sesenta y siete
6%
sesenta y tres
6%
sesenta y uno
6%
setenta y cinco
6%
setenta y cuatro
6%
setenta y nueve
6%
setenta y ocho
6%
setenta y seis
6%
setenta y siete
6%
setenta y tres
6%
setenta y uno
6%
siete
6%
trece
6%
treinta
6%
treinta y cinco
6%
treinta y cuatro
6%
treinta y dos
6%
treinta y nueve
6%
treinta y ocho
6%
treinta y seis
6%
treinta y siete
6%
treinta y tres
6%
treinta y uno
6%
tres
6%
veintiuno
6%
No se encontraron pruebas coincidentes
Distribución de puntuación
Porcentaje de gente con cada puntuación
Porcentaje por número respondido
Historial de tus puntuaciones
No has intentado esta prueba.